000 01470nam a2200337 4500
001 0000014521
003 CO-CtgCURN
005 20250528143112.0
007 ta
008 160627s1998 000 0 eng d
020 _a9701014758
040 _aCO-CtgCURN
_bspa
_ccoctgcurn
082 0 _a617.7
_bR43m
110 2 _aThe Wills Eye Hospital.
245 1 0 _aManual de urgencias oftalmológicas /
_ceditores, R. Douglas Cullon, Benjamin Chang , traductor, Rogelio Herreman C.
250 _a2a ed.
260 _aMexico :
_bMcGraw-Hill Interamericana,
_c1998.
300 _axxii, 509 p.
336 _2rdacontent
337 _2rdamedia
_asin mediacion
_bn
338 _2rdacarrier
_avolumen
_bnc
500 _aIncluye indice y apendices.
504 _aIncluye bibliografia (p. 495)
505 8 _aDiagnostico diferencial de los sintomas oculares -- Diagnostico diferencial de los signos oculares -- Traumatismo -- Cornea -- Conjuntiva/Esclera/Padecimientos externos -- Parpados -- Orbita -- Tumores oculares -- Pediatria -- Glaucoma -- Neurooftalmología -- Retina -- Uveitis -- Padecimientos sistemicos -- Problemas oftalmologicos generales
534 _aWills eye manual: office , emergency room diagnosis , treatment of eye disease.
650 1 4 _aUrgencias oftalmologicas.
700 1 _aCullon, R. Douglas,
_eEditor.
908 _a160627
942 _cBK
_h617.7
_iR43m
_2ddc
_n0
999 _c23504
_d23504